20 Country Snapshot IV Quiz Stats

 Plays Quiz Updated Jun 9, 2016

Challenge
Share
Tweet
Score 0/20 Timer 02:00
1 Play Today
% Correct
Cuba
97.3%
Panama
96%
Haiti
94.6%
Colombia
93.2%
Brazil
92.9%
Mexico
92.7%
Dominican Republic
92%
Venezuela
90.8%
United States
88.8%
Costa Rica
87.3%
% Correct
Honduras
86.9%
Belize
85.1%
Guatemala
84.3%
Nicaragua
84.1%
Ecuador
83.9%
Jamaica
83.1%
Peru
82.6%
El Salvador
82.1%
Bahamas
79.6%
St. Kitts and Nevis
51.9%

You're not logged in!

Compare scores with friends on all Sporcle quizzes.
Join for Free
OR
Log In

You Might Also Like...

Show Comments

Extras

Top Quizzes Today


Score Distribution

Your Account Isn't Verified!

In order to create a playlist on Sporcle, you need to verify the email address you used during registration. Go to your Sporcle Settings to finish the process.

Report this User

Report this user for behavior that violates our Community Guidelines.

Details: